00586nam a2200193Ia 4500003000400000005001700004008004100021020001500062040001800077041000800095082002200103100002300125245011800148250001200266260003300278300002400311650002700335650003000362OSt20250203133302.0210716s1981 xx 000 0 und d a058229102X cAIMIT LIBRARY aeng a823.809 21bLEEG aLeech, Geoffrey N. aStyle in fiction:blinguistic introduction to english fictional prose /cBy Geoffrey N Leech and Michael H Short. a1st ed. aNew York :bLongman ;c1981. a402p. ;bPBc22 cm. aApproaches and methods aConversation in the novel